Statistics for Top 10 Italian PL appearance makers

Click here to take the quiz!

General Stats

  • This quiz has been taken 19 times
  • The average score is 3 of 10

Answer Stats

AppsAnswer% Correct
229Zola
93%
190Di Canio
60%
119Di Matteo
40%
110Borini
40%
82Mannone
27%
161Cudicini
20%
177Carbone
13%
149Pistone
7%
100Festa
0%
95Eranio
0%

Score Distribution

Percentile by Number Answered

Percent of People with Each Score

Your Score History

You have not taken this quiz